000
00320nam a22001337a 4500
008
181022b xxu||||| |||| 00| 0 eng d
020
_a
9780323023412
041
_a
eng
080
_2
6th
_a
610.73
100
_a
2
101
_a
INF
245
_a
Integrated Knowledge Development in Nursing
_c
Chinn,P.L
942
_2
udc
_c
BK
999
_c
50411
_d
50411